<?xml version="1.0" encoding="UTF-8"?>
<collection xmlns="http://www.loc.gov/MARC21/slim">
 <record>
  <leader>01453cam a2200349 7i4500</leader>
  <controlfield tag="001">0000151661</controlfield>
  <controlfield tag="005">20240316090000.0</controlfield>
  <controlfield tag="008">220116t20212021my a   ###   #00001may##</controlfield>
  <datafield tag="020" ind1="#" ind2="#">
   <subfield code="a">9789672939870 </subfield>
  </datafield>
  <datafield tag="040" ind1="#" ind2="#">
   <subfield code="a">UMT </subfield>
   <subfield code="b">eng </subfield>
   <subfield code="c">UMT </subfield>
   <subfield code="d">PNM </subfield>
   <subfield code="e">rda</subfield>
  </datafield>
  <datafield tag="090" ind1="0" ind2="0">
   <subfield code="a">GC 11.2 </subfield>
   <subfield code="b">.N3 2021</subfield>
  </datafield>
  <datafield tag="100" ind1="0" ind2="#">
   <subfield code="a">Nazli Aziz </subfield>
   <subfield code="e">author </subfield>
  </datafield>
  <datafield tag="245" ind1="1" ind2="0">
   <subfield code="a">Tadbir urus lautan : </subfield>
   <subfield code="b">pendekatan adaptasi kenaikan aras air laut Pulau Perhentian dan Pulau Redang  </subfield>
   <subfield code="c">Nazli Aziz, Wan Izatul Asma Wan Talaat, Amri Md Shah.</subfield>
  </datafield>
  <datafield tag="264" ind1="#" ind2="4">
   <subfield code="c">♭2021</subfield>
  </datafield>
  <datafield tag="264" ind1="#" ind2="1">
   <subfield code="a">Kuala Nerus, Terengganu: </subfield>
   <subfield code="b">Penerbit UMT, </subfield>
   <subfield code="c">[2021]</subfield>
  </datafield>
  <datafield tag="300" ind1="#" ind2="#">
   <subfield code="a">xvii, 98 pages: </subfield>
   <subfield code="b">some colour  illustrations, colour maps; </subfield>
   <subfield code="c">25 cm</subfield>
  </datafield>
  <datafield tag="336" ind1="#" ind2="#">
   <subfield code="a">text -- </subfield>
   <subfield code="2">rdacontent</subfield>
  </datafield>
  <datafield tag="337" ind1="#" ind2="#">
   <subfield code="a">unmediated -- </subfield>
   <subfield code="2">rdamedia</subfield>
  </datafield>
  <datafield tag="338" ind1="#" ind2="#">
   <subfield code="a">volume -- </subfield>
   <subfield code="2">rdacarrier</subfield>
  </datafield>
  <datafield tag="500" ind1="#" ind2="#">
   <subfield code="a">Includes index</subfield>
  </datafield>
  <datafield tag="590" ind1="#" ind2="#">
   <subfield code="a">Perpustakaan Sultanah Nur Zahirah</subfield>
  </datafield>
  <datafield tag="650" ind1="#" ind2="0">
   <subfield code="a">Oceanography -- </subfield>
   <subfield code="z">Malaysia -- </subfield>
   <subfield code="z">Terengganu </subfield>
  </datafield>
  <datafield tag="650" ind1="#" ind2="0">
   <subfield code="a">Sea level -- </subfield>
   <subfield code="z">Malaysia -- </subfield>
   <subfield code="z">Terengganu </subfield>
  </datafield>
  <datafield tag="650" ind1="#" ind2="0">
   <subfield code="a">Government publications -- </subfield>
   <subfield code="z">Malaysia </subfield>
  </datafield>
  <datafield tag="700" ind1="0" ind2="#">
   <subfield code="a">Wan Izatul Asma Wan Talaat(</subfield>
   <subfield code="d">1970-) </subfield>
  </datafield>
  <datafield tag="700" ind1="0" ind2="#">
   <subfield code="a">Amri Md Shah(</subfield>
   <subfield code="d">1983-) </subfield>
  </datafield>
  <datafield tag="999" ind1=" " ind2=" ">
   <subfield code="a">1100112153</subfield>
   <subfield code="b">Book</subfield>
   <subfield code="c">Open Shelf</subfield>
   <subfield code="e">KOLEKSI TERBUKA</subfield>
  </datafield>
  <datafield tag="999" ind1=" " ind2=" ">
   <subfield code="a">1100112152</subfield>
   <subfield code="b">Book</subfield>
   <subfield code="c">Open Shelf</subfield>
   <subfield code="e">KOLEKSI TERBUKA</subfield>
  </datafield>
  <datafield tag="999" ind1=" " ind2=" ">
   <subfield code="a">1100112150</subfield>
   <subfield code="b">Book</subfield>
   <subfield code="c">KOLEKSI ARKIB</subfield>
   <subfield code="e">BILIK ARKIB</subfield>
  </datafield>
  <datafield tag="999" ind1=" " ind2=" ">
   <subfield code="a">1100112151</subfield>
   <subfield code="b">Book</subfield>
   <subfield code="c">KOLEKSI ARKIB</subfield>
   <subfield code="e">BILIK ARKIB</subfield>
  </datafield>
  <datafield tag="999" ind1=" " ind2=" ">
   <subfield code="a">1100113610</subfield>
   <subfield code="b">Book</subfield>
   <subfield code="c">KOLEKSI ARKIB</subfield>
   <subfield code="e">BILIK ARKIB</subfield>
  </datafield>
  <datafield tag="999" ind1=" " ind2=" ">
   <subfield code="a">1100113609</subfield>
   <subfield code="b">Book</subfield>
   <subfield code="c">KOLEKSI ARKIB</subfield>
   <subfield code="e">BILIK ARKIB</subfield>
  </datafield>
 </record>
</collection>
